Before the storn

Spremljeno u:
Bibliografski detalji
Glavni autor: Uchida, Reiko (Autor)
Format: Knjiga
Jezik:engleski
Izdano: Tokio Reiko Uchida Publications 1999
Izdanje:1a. ed
Teme:
Oznake: Dodaj oznaku
Bez oznaka, Budi prvi tko označuje ovaj zapis!

MARC

LEADER 00000nam a2200000 a 4500
001 UCI1196
003 CL-VaPUC
008 070622e19990000JA |||||||||||||||||eng|d
082 0 4 |a 170.44  |b UCH  |2 21 
100 0 |a Uchida, Reiko  |e author  |9 521533 
245 1 0 |a Before the storn 
250 |a 1a. ed 
300 |a 75 p 
942 |c BK 
945 |d 20070622 00:00:00  |a jtorresc 
260 |a Tokio  |b Reiko Uchida Publications  |c 1999 
650 0 |a Problemas sociales  |9 258537 
650 0 |a Cambio social   |9 256857 
650 0 |a Conductas de la vida  |9 521534 
650 0 |a Relaciones interpersonales  |9 307056 
583 |a last modification  |c 20070622 00:00:00  |k Rodrigo Vera 
999 |c 326037  |d 326035 
952 |0 0  |1 0  |4 0  |6 170_440000000000000_UCH_1999  |7 0  |8 A  |9 407655  |a BIBGIM  |b BIBGIM  |d 2019-11-22  |i 4277988  |o 170.44 UCH 1999  |p 4277988  |r 2025-01-15  |w 2019-11-22  |y BK  |k ORI 
952 |0 0  |1 0  |4 0  |6 170_440000000000000_UCH_1999  |7 0  |8 A  |9 407656  |a BIBGIM  |b BIBGIM  |d 2019-11-22  |i 427797K  |o 170.44 UCH 1999  |p 427797K  |r 2025-01-15  |w 2019-11-22  |y BK  |k ORI